[Event "GER-chT U16"]
[Site "Kiel"]
[Date "2022.07.26"]
[Round "7.6"]
[White "Duduka, Artem"]
[Black "Zeuner, Ole"]
[Result "0-1"]
[WhiteElo "1566"]
[BlackElo "1796"]
[PlyCount "108"]
[EventDate "2022.07.22"]
[EventType "team-swiss"]
[EventRounds "7"]
[EventCountry "GER"]
[SourceTitle "CBM 209 Extra"]
[Source "ChessBase"]
[SourceDate "2022.09.30"]
[SourceVersion "1"]
[SourceVersionDate "2022.09.30"]
[SourceQuality "1"]
[WhiteTeam "Berlin SF"]
[BlackTeam "Magdeburg Schachzwerge"]
[WhiteTeamCountry "GER"]
[BlackTeamCountry "GER"]

1. e4 e5 2. Nf3 Nc6 3. d4 exd4 4. Nxd4 Qf6 5. Nf3 Bc5 6. Nc3 Nge7 7. Bc4 0-0 8. 0-0 d6 9. Nd5 Nxd5 10. exd5 Ne5 11. Nxe5 Qxe5 12. Bd3 Re8 13. c4 Bf5 14. Bxf5 Qxf5 15. Bd2 Qd3 16. Rc1 Re2 17. Bc3 Qe4 18. b4 Bb6 19. c5 dxc5 20. bxc5 Bxc5 21. Bxg7 Bxf2+ 22. Rxf2 Rxf2 23. Kxf2 Kxg7 24. Rc3 Re8 25. Qd2 Qe5 26. Rg3+ Kh8 27. Qc3 Qxc3 28. Rxc3 Re7 29. Ra3 a6 30. Rb3 b5 31. Ra3 Rd7 32. Rxa6 Rxd5 33. Rc6 Rd2+ 34. Kf3 Rxa2 35. Rxc7 Kg7 36. Rb7 Rb2 37. Rb6 f6 38. h4 h5 39. g3 Kg6 40. Ke4 Rb3 41. Kf4 Rb4+ 42. Kf3 Kf5 43. Rd6 Rb3+ 44. Kg2 b4 45. Rd5+ Kg6 46. Rb5 Rb1 47. Kh2 b3 48. Kg2 b2 49. Kh2 Kf7 50. Kg2 Ke6 51. g4 hxg4 52. h5 Kf7 53. Kh2 Kg7 54. Rb6 f5 0-1

[Event "GER-chT U16"]
[Site "Kiel"]
[Date "2022.07.25"]
[Round "6.3"]
[White "Ho, Ngoc Hai Dang"]
[Black "Duduka, Artem"]
[Result "1-0"]
[WhiteElo "1826"]
[BlackElo "1566"]
[PlyCount "95"]
[EventDate "2022.07.22"]
[EventType "team-swiss"]
[EventRounds "7"]
[EventCountry "GER"]
[SourceTitle "CBM 209 Extra"]
[Source "ChessBase"]
[SourceDate "2022.09.30"]
[SourceVersion "1"]
[SourceVersionDate "2022.09.30"]
[SourceQuality "1"]
[WhiteTeam "Berlin Mattnetz"]
[BlackTeam "Berlin SF"]
[WhiteTeamCountry "GER"]
[BlackTeamCountry "GER"]

1. e4 e5 2. Nf3 Nc6 3. Bc4 Be7 4. c3 Nf6 5. d3 0-0 6. 0-0 d5 7. exd5 Nxd5 8. Re1 Bg4 9. Nbd2 a6 10. h3 Bh5 11. Ne4 Kh8 12. Ng3 Bg6 13. Nxe5 Nxe5 14. Rxe5 Nb6 15. Re1 Nxc4 16. dxc4 Bf6 17. Bf4 c6 18. Qb3 b5 19. Rad1 Qb6 20. c5 Qb7 21. Ne4 Bxe4 22. Rxe4 Rfe8 23. Rde1 Qd7 24. Bd6 Rxe4 25. Rxe4 Re8 26. Qc2 Re6 27. Qe2 Qe8 28. Rxe6 Qxe6 29. Qxe6 fxe6 30. Kf1 b4 31. cxb4 Bxb2 32. Bc7 Kg8 33. Ke2 Kf7 34. Kd3 e5 35. a4 Ke6 36. Kc4 e4 37. Bf4 h6 38. b5 cxb5+ 39. axb5 axb5+ 40. Kxb5 g5 41. Be3 Kd7 42. c6+ Kc7 43. Bb6+ Kc8 44. Kc4 h5 45. Kd5 Bf6 46. Kxe4 h4 47. Kf5 Be7 48. Be3 1-0

[Event "GER-chT U14"]
[Site "Willingen"]
[Date "2021.06.26"]
[Round "6.2"]
[White "Zobel, Christian Erik"]
[Black "Duduka, Artem"]
[Result "1/2-1/2"]
[WhiteElo "1587"]
[BlackElo "1613"]
[PlyCount "48"]
[EventDate "2021.06.23"]
[EventType "team-swiss"]
[EventRounds "7"]
[EventCountry "GER"]
[SourceTitle "EXT 2022"]
[Source "ChessBase"]
[SourceDate "2021.10.06"]
[SourceVersion "1"]
[SourceVersionDate "2021.10.06"]
[SourceQuality "1"]
[WhiteTeam "Lichtenberg Borussia"]
[BlackTeam "Berlin Nord Ost"]
[WhiteTeamCountry "GER"]
[BlackTeamCountry "GER"]

1. e4 e5 2. Nf3 Nc6 3. Bc4 Be7 4. d4 exd4 5. Nxd4 Nf6 6. Nc3 0-0 7. 0-0 a6 8. a3 d6 9. h3 Nxd4 10. Qxd4 Be6 11. Be3 Kh8 12. Rad1 Nd7 13. f4 Bf6 14. Qd3 Bxc4 15. Qxc4 Bxc3 16. Qxc3 Rc8 17. Bd4 f6 18. Rfe1 Qe7 19. Re2 Qf7 20. Rde1 c6 21. e5 dxe5 22. fxe5 fxe5 23. Bxe5 Nxe5 24. Qxe5 h6 1/2-1/2

[Event "GER-chT U14"]
[Site "Magdeburg"]
[Date "2019.12.29"]
[Round "5.4"]
[White "Burger, Tim"]
[Black "Duduka, Artem"]
[Result "0-1"]
[WhiteElo "1250"]
[BlackElo "1578"]
[PlyCount "118"]
[EventDate "2019.12.27"]
[EventType "team-swiss"]
[EventRounds "7"]
[EventCountry "GER"]
[SourceTitle "CBM 194 Extra"]
[Source "ChessBase"]
[SourceDate "2020.03.31"]
[SourceVersion "1"]
[SourceVersionDate "2020.03.31"]
[SourceQuality "1"]
[WhiteTeam "Untergrombach"]
[BlackTeam "Berlin Nord Ost"]
[WhiteTeamCountry "GER"]
[BlackTeamCountry "GER"]

1. e4 e5 2. Nf3 Nc6 3. Bc4 Be7 4. d4 exd4 5. c3 dxc3 6. Qb3 d5 7. Bxd5 Be6 8. Nxc3 Bxd5 9. exd5 Nb4 10. a3 Nd3+ 11. Kf1 Nc5 12. Qb5+ Qd7 13. Bf4 a6 14. Qxd7+ Kxd7 15. Ne5+ Ke8 16. Rd1 Nf6 17. Nc4 Rc8 18. d6 cxd6 19. Bxd6 Rd8 20. Bxe7 Rxd1+ 21. Nxd1 Kxe7 22. Nde3 g6 23. Ke2 Rd8 24. Rd1 Rxd1 25. Kxd1 b5 26. Nd2 Nd3 27. f3 Nxb2+ 28. Kc2 Na4 29. Kb3 Nc5+ 30. Kb4 Nb7 31. a4 bxa4 32. Kxa4 Ke6 33. g3 Nd5 34. Ng4 h5 35. Nf2 f5 36. h3 Ke5 37. Nb3 Nc3+ 38. Kb4 Ne2 39. Nd3+ Kf6 40. g4 Ng1 41. gxf5 gxf5 42. f4 Nxh3 43. Kc3 h4 44. Kd2 Kg6 45. Ke2 Kh5 46. Kf3 Nd6 47. Nbc5 a5 48. Ne1 Nc4 49. Ng2 Nd2+ 50. Ke2 Ne4 51. Na4 Kg4 52. Kf1 Nxf4 53. Ne3+ Kg5 54. Nxf5 Kxf5 55. Kg1 Kg4 56. Kh2 Ng5 57. Kg1 Kg3 58. Kh1 h3 59. Kg1 Nd3 0-1

[Event "GER-chT U12"]
[Site "Magdeburg"]
[Date "2018.12.30"]
[Round "7.3"]
[White "Duduka, Artem"]
[Black "Zielke, Ansgar"]
[Result "1-0"]
[WhiteElo "1589"]
[BlackElo "1642"]
[PlyCount "97"]
[EventDate "2018.12.27"]
[EventType "team-swiss"]
[EventRounds "7"]
[EventCountry "GER"]
[SourceTitle "CBM 188 Extra"]
[Source "ChessBase"]
[SourceDate "2019.02.26"]
[SourceVersion "1"]
[SourceVersionDate "2019.02.26"]
[SourceQuality "1"]
[WhiteTeam "Berlin Nord Ost"]
[BlackTeam "Lichtenberg Borussia"]
[WhiteTeamCountry "GER"]
[BlackTeamCountry "GER"]

1. e4 c5 2. Nf3 a6 3. d4 cxd4 4. Nxd4 Nf6 5. Nc3 e5 6. Nf3 Nc6 7. a3 Bc5 8. Bc4 0-0 9. 0-0 d6 10. Bg5 h6 11. Bh4 Be6 12. Nd5 Bxd5 13. Bxd5 Rc8 14. c3 Qd7 15. Bxf6 gxf6 16. Qd2 Kg7 17. Bxc6 bxc6 18. Nh4 Rh8 19. Nf5+ Kg6 20. Qd3 Rcg8 21. Qh3 Qe6 22. Rad1 d5 23. Rd3 Bf8 24. exd5 cxd5 25. Nh4+ Kh7 26. Qf5+ Qxf5 27. Nxf5 Rg5 28. Ne3 d4 29. cxd4 exd4 30. Rxd4 Bc5 31. Rf4 Kg6 32. b4 Bd6 33. Rc4 a5 34. Rd1 Bf8 35. Rd5 Rxd5 36. Nxd5 axb4 37. axb4 Bd6 38. Rc6 Re8 39. g3 Be5 40. b5 Bd4 41. Rc4 Ba7 42. b6 Bxb6 43. Nxb6 f5 44. Rc6+ f6 45. Nd7 Kg5 46. Nxf6 Re1+ 47. Kg2 f4 48. Nh7+ Kg4 49. Rc4 1-0

[Event "GER-ch U12"]
[Site "Willingen"]
[Date "2018.05.26"]
[Round "11"]
[White "Duduka, Artem"]
[Black "Bakiev, Diyor"]
[Result "0-1"]
[WhiteElo "1606"]
[BlackElo "1856"]
[PlyCount "116"]
[EventDate "2018.05.19"]
[EventType "swiss"]
[EventRounds "11"]
[EventCountry "GER"]
[SourceTitle "CBM 184 Extra"]
[Source "ChessBase"]
[SourceDate "2018.06.28"]
[SourceVersion "1"]
[SourceVersionDate "2018.06.28"]
[SourceQuality "1"]

1. e4 e5 2. Nf3 Nc6 3. d4 exd4 4. Nxd4 Bc5 5. Be3 Qf6 6. c3 Nge7 7. Nc2 Bb6 8. Bxb6 axb6 9. Ne3 d6 10. Nd2 0-0 11. Bc4 Ne5 12. 0-0 Nxc4 13. Ndxc4 Qg6 14. f3 Kh8 15. Kh1 Qh6 16. Nc2 f5 17. exf5 Nxf5 18. Kg1 Be6 19. Nd2 Rf6 20. Ne4 Rg6 21. Qd2 Qh5 22. Nd4 Nxd4 23. Qxd4 Rh6 24. h3 Bxh3 25. gxh3 Qxh3 26. Kf2 Qh2+ 27. Ke3 Rf8 28. Rf2 Qf4+ 29. Ke2 Rh2 30. Qe3 Rxf2+ 31. Nxf2 Qf7 32. Kd2 Re8 33. Qd3 Qf4+ 34. Kc2 Re3 35. Qd2 Qf5+ 36. Nd3 Rxf3 37. Re1 h5 38. Qe2 c5 39. Rh1 Qf7 40. Qh2 Rf5 41. Qxd6 Qxa2 42. Qc7 Qa4+ 43. Kb1 Qe4 44. Qd8+ Kh7 45. Re1 Qg4 46. Qxb6 c4 47. Ne5 Qg3 48. Qe3 Qxe3 49. Rxe3 g5 50. Nxc4 h4 51. Re5 Rxe5 52. Nxe5 h3 53. Ng4 Kg6 54. Kc2 Kf5 55. Nh2 g4 56. Nf1 Kf4 57. Kd2 g3 58. Ke2 h2 0-1

[Event "GER-ch U12"]
[Site "Willingen"]
[Date "2018.05.23"]
[Round "7"]
[White "Duduka, Artem"]
[Black "Roessel, Gino"]
[Result "0-1"]
[WhiteElo "1606"]
[BlackElo "1705"]
[PlyCount "118"]
[EventDate "2018.05.19"]
[EventType "swiss"]
[EventRounds "11"]
[EventCountry "GER"]
[SourceTitle "CBM 184 Extra"]
[Source "ChessBase"]
[SourceDate "2018.06.28"]
[SourceVersion "1"]
[SourceVersionDate "2018.06.28"]
[SourceQuality "1"]

1. e4 c5 2. Nf3 d6 3. d4 cxd4 4. Nxd4 Nf6 5. Nc3 a6 6. Be3 e5 7. Nb3 Be7 8. f3 Be6 9. Be2 0-0 10. 0-0 Nbd7 11. Qd2 b5 12. a3 Nb6 13. Bxb6 Qxb6+ 14. Kh1 Rfd8 15. Rad1 d5 16. exd5 Nxd5 17. Nxd5 Bxd5 18. Qe1 Rac8 19. Bd3 Qe6 20. Nd2 f5 21. Qe2 Bf6 22. Rc1 e4 23. fxe4 fxe4 24. Bxe4 Bxb2 25. Rce1 Bxe4 26. Nxe4 Qc4 27. Qh5 Rf8 28. Nd2 Qxc2 29. Qd5+ Kh8 30. Rxf8+ Rxf8 31. Qd6 Qf5 32. Nf3 a5 33. h3 h6 34. Rf1 Qf4 35. Qc5 Rf5 36. Qc8+ Rf8 37. Qc5 Qf5 38. Qd6 Qc8 39. Qd5 Rf5 40. Qb3 Qc3 41. Qe6 Qf6 42. Qb3 Qc3 43. Qxc3 Bxc3 44. Rd1 Rf8 45. Rd5 Rb8 46. Kg1 b4 47. axb4 axb4 48. Nd2 b3 49. Nb1 Bf6 50. Kf1 b2 51. Ke2 Rc8 52. Rd2 Rc1 53. Rd1 Kh7 54. g3 Kg6 55. h4 Kh5 56. Kd2 Rxd1+ 57. Kxd1 Kg4 58. Ke2 Kxg3 59. Ke3 Kxh4 0-1

[Event "GER-ch U12"]
[Site "Willingen"]
[Date "2018.05.21"]
[Round "3"]
[White "Farokhi, Keyvan"]
[Black "Duduka, Artem"]
[Result "1-0"]
[WhiteElo "1845"]
[BlackElo "1606"]
[PlyCount "89"]
[EventDate "2018.05.19"]
[EventType "swiss"]
[EventRounds "11"]
[EventCountry "GER"]
[SourceTitle "CBM 184 Extra"]
[Source "ChessBase"]
[SourceDate "2018.06.28"]
[SourceVersion "1"]
[SourceVersionDate "2018.06.28"]
[SourceQuality "1"]

1. e4 e5 2. Nf3 Nc6 3. d4 exd4 4. Bc4 Na5 5. Bb5 a6 6. Ba4 b5 7. Bb3 Nxb3 8. axb3 Bb7 9. Qxd4 c5 10. Qd3 d5 11. exd5 Qxd5 12. Qe2+ Qe4 13. Be3 Nf6 14. Nc3 Qe6 15. 0-0 Bd6 16. Rfe1 0-0 17. Bg5 Qxe2 18. Rxe2 Bxf3 19. gxf3 h6 20. Bxf6 gxf6 21. Ne4 Be7 22. Ng3 Kh7 23. Rxe7 Kg7 24. Rc7 Rac8 25. Rxc8 Rxc8 26. Rxa6 Rd8 27. Rc6 Rd1+ 28. Kg2 Rb1 29. Rxc5 Rxb2 30. Rxb5 Rxc2 31. b4 Rb2 32. Rb8 Kg6 33. b5 f5 34. b6 Kf6 35. b7 f4 36. Ne4+ Kf5 37. Rf8 Kg6 38. b8Q Rxb8 39. Rxb8 f5 40. Rb6+ Kh5 41. Ng3+ fxg3 42. Kxg3 Kg5 43. h4+ Kh5 44. Kf4 Kxh4 45. Rxh6# 1-0

[Event "GER-ch U12"]
[Site "Willingen"]
[Date "2018.05.20"]
[Round "1"]
[White "Prieb, Robert"]
[Black "Duduka, Artem"]
[Result "0-1"]
[WhiteElo "1833"]
[BlackElo "1606"]
[PlyCount "140"]
[EventDate "2018.05.19"]
[EventType "swiss"]
[EventRounds "11"]
[EventCountry "GER"]
[SourceTitle "CBM 184 Extra"]
[Source "ChessBase"]
[SourceDate "2018.06.28"]
[SourceVersion "1"]
[SourceVersionDate "2018.06.28"]
[SourceQuality "1"]

1. d4 Nf6 2. Nf3 g6 3. c4 d5 4. Nc3 Bg7 5. Bg5 Ne4 6. Bh4 Nxc3 7. bxc3 dxc4 8. Qa4+ c6 9. Qxc4 0-0 10. e4 Qc7 11. Bg3 Qa5 12. Qb4 Qxb4 13. cxb4 Bg4 14. Rd1 Rd8 15. e5 Bxf3 16. gxf3 e6 17. Bh4 Rd7 18. a3 a5 19. b5 a4 20. b6 Bf8 21. Bc4 Bxa3 22. f4 Bb2 23. f5 Rxd4 24. Rxd4 Bxd4 25. fxe6 fxe6 26. Bxe6+ Kf8 27. 0-0 Bxe5 28. Rd1 a3 29. Rd8+ Kg7 30. Be7 a2 31. Rg8+ Kh6 32. Bf8+ Kh5 33. Bxa2 Rxa2 34. Bg7 Nd7 35. Bxe5 Nxe5 36. Rg7 Kh6 37. Rxb7 Rb2 38. Re7 Nd3 39. b7 Nxf2 40. Re3 Ng4 41. Rc3 Rxb7 42. Rxc6 Rb1+ 43. Kg2 Rb2+ 44. Kg3 Nxh2 45. Rc1 Kh5 46. Rh1 Kg5 47. Rc1 h5 48. Rc5+ Kh6 49. Rc6 Ng4 50. Kh4 Rf2 51. Ra6 Rf6 52. Ra5 Rf5 53. Ra6 Nf6 54. Rb6 g5+ 55. Kg3 h4+ 56. Kh3 Kh5 57. Rb4 Rf3+ 58. Kg2 Rf4 59. Rb5 Kg4 60. Rb3 Ne4 61. Re3 Rf2+ 62. Kg1 Kf4 63. Rh3 Rf3 64. Rh2 Ng3 65. Ra2 g4 66. Ra4+ Ne4 67. Ra8 Kg3 68. Ra2 Nf2 69. Ra1 h3 70. Kf1 h2 0-1

[Event "GER-chT U10"]
[Site "Magdeburg"]
[Date "2016.12.29"]
[Round "7.2"]
[White "Duduka, Artem"]
[Black "Stych, Paul"]
[Result "1-0"]
[WhiteElo "1435"]
[BlackElo "1136"]
[PlyCount "127"]
[EventDate "2016.12.27"]
[EventType "team-swiss"]
[EventRounds "7"]
[EventCountry "GER"]
[SourceTitle "EXT 2018"]
[Source "ChessBase"]
[SourceDate "2017.10.13"]
[SourceVersion "1"]
[SourceVersionDate "2017.10.13"]
[SourceQuality "1"]
[WhiteTeam "Berlin Nord Ost"]
[BlackTeam "Brackel"]
[WhiteTeamCountry "GER"]
[BlackTeamCountry "GER"]

1. e4 e5 2. Nf3 Nc6 3. d4 exd4 4. Nxd4 Nf6 5. Nxc6 bxc6 6. e5 Qe7 7. Qe2 Nd5 8. c4 Ba6 9. b3 Qh4 10. Bb2 Bb4+ 11. Nd2 Bc3 12. Bxc3 Nxc3 13. Qe3 0-0 14. Qxc3 Rfe8 15. Be2 d6 16. Nf3 Qe4 17. Qd3 Qxd3 18. Bxd3 dxe5 19. Be4 Rad8 20. 0-0 Bb7 21. Rad1 Rxd1 22. Rxd1 g6 23. g4 Re7 24. Rd8+ Kg7 25. Rb8 Ba6 26. Bxc6 e4 27. Nd4 e3 28. fxe3 Rxe3 29. Kf2 Rd3 30. Nf3 Rc3 31. Be4 Rc1 32. Ne1 Ra1 33. a4 Ra2+ 34. Nc2 Kf6 35. Ke2 Rb2 36. Kd2 Rb1 37. Ne1 Rb2+ 38. Bc2 Ra2 39. Kc1 Bxc4 40. bxc4 Ra1+ 41. Kd2 Kg5 42. Rf8 Kxg4 43. Rxf7 c5 44. Rxh7 Ra3 45. Nd3 Ra1 46. Nc1 Ra3 47. Nd3 Ra1 48. Rg7 g5 49. Rxa7 Rh1 50. Rh7 Kf3 51. a5 Ra1 52. Ra7 g4 53. Rf7+ Kg2 54. Ra7 Kxh2 55. a6 g3 56. Rh7+ Kg1 57. Rg7 g2 58. Nf4 Rxa6 59. Rxg2+ Kh1 60. Rg5 Rc6 61. Be4+ Kh2 62. Rg2+ Kh1 63. Rf2+ Kg1 64. Nh3# 1-0

[Event "GER-chT U10"]
[Site "Magdeburg"]
[Date "2016.12.29"]
[Round "6.2"]
[White "Zielke, Ansgar"]
[Black "Duduka, Artem"]
[Result "0-1"]
[WhiteElo "1356"]
[BlackElo "1435"]
[PlyCount "66"]
[EventDate "2016.12.27"]
[EventType "team-swiss"]
[EventRounds "7"]
[EventCountry "GER"]
[SourceTitle "EXT 2018"]
[Source "ChessBase"]
[SourceDate "2017.10.13"]
[SourceVersion "1"]
[SourceVersionDate "2017.10.13"]
[SourceQuality "1"]
[WhiteTeam "Friedrichsfelde Borussia"]
[BlackTeam "Berlin Nord Ost"]
[WhiteTeamCountry "GER"]
[BlackTeamCountry "GER"]

1. d4 d5 2. c4 e6 3. Nf3 Nf6 4. Nc3 c6 5. e3 Nbd7 6. Bd3 dxc4 7. Bxc4 Nb6 8. Bd3 Bb4 9. 0-0 0-0 10. a3 Bxc3 11. bxc3 Re8 12. e4 Bd7 13. Bc2 Rc8 14. Bg5 h6 15. Bh4 g5 16. Bg3 c5 17. Bd6 Bb5 18. e5 Bxf1 19. Kxf1 cxd4 20. cxd4 Nbd5 21. Qd2 a5 22. g3 Rc3 23. Nxg5 Rxc2 24. Qxc2 hxg5 25. Bc5 Ng4 26. Qb3 Qc7 27. h3 Nh6 28. Qf3 b6 29. Bd6 Qc3 30. Qh5 Qxa1+ 31. Kg2 Qxd4 32. Qxh6 Qe4+ 33. Kh2 Qg6 0-1

[Event "GER-chT U10"]
[Site "Magdeburg"]
[Date "2015.12.28"]
[Round "5.1"]
[White "Costa, Leonardo"]
[Black "Duduka, Artem"]
[Result "1/2-1/2"]
[WhiteElo "1455"]
[BlackElo "1113"]
[PlyCount "60"]
[EventDate "2015.12.27"]
[EventType "team-swiss"]
[EventRounds "7"]
[EventCountry "GER"]
[SourceTitle "EXT 2017"]
[Source "ChessBase"]
[SourceDate "2016.10.25"]
[SourceVersion "1"]
[SourceVersionDate "2016.10.25"]
[SourceQuality "1"]
[WhiteTeam "Muenchen Suedost"]
[BlackTeam "Berlin Nord Ost"]
[WhiteTeamCountry "GER"]
[BlackTeamCountry "GER"]

1. e4 e5 2. Nf3 Nc6 3. Bc4 Nf6 4. d3 Bc5 5. Bg5 d6 6. h3 h6 7. Bh4 0-0 8. Nc3 Bb4 9. 0-0 Bxc3 10. bxc3 Na5 11. Bb3 Nxb3 12. axb3 Re8 13. Re1 b6 14. d4 Bb7 15. dxe5 dxe5 16. Qxd8 Raxd8 17. Bxf6 gxf6 18. Rxa7 Rb8 19. Re3 c5 20. Nd2 Kf8 21. Nc4 Ba8 22. Rd3 Bc6 23. f3 b5 24. Na5 c4 25. bxc4 bxc4 26. Nxc4 Bb5 27. Nd6 Bxd3 28. Nxe8 Rxe8 29. cxd3 Rd8 30. Ra6 Kg7 1/2-1/2

[Event "GER-chT U10"]
[Site "Magdeburg"]
[Date "2015.12.28"]
[Round "4.1"]
[White "Duduka, Artem"]
[Black "Danielsen, Asger"]
[Result "1-0"]
[WhiteElo "1113"]
[BlackElo "875"]
[PlyCount "23"]
[EventDate "2015.12.27"]
[EventType "team-swiss"]
[EventRounds "7"]
[EventCountry "GER"]
[SourceTitle "EXT 2017"]
[Source "ChessBase"]
[SourceDate "2016.10.25"]
[SourceVersion "1"]
[SourceVersionDate "2016.10.25"]
[SourceQuality "1"]
[WhiteTeam "Berlin Nord Ost"]
[BlackTeam "Paderborn Akademie II"]
[WhiteTeamCountry "GER"]
[BlackTeamCountry "GER"]

1. e4 e6 2. d4 d5 3. e5 c5 4. c3 Qb6 5. Nf3 Nc6 6. g3 Nge7 7. Bh3 g6 8. 0-0 Bg7 9. b3 Bd7 10. Bg5 Nf5 11. Bxf5 exf5 12. Re1 1-0

[Event "GER-chT U10"]
[Site "Magdeburg"]
[Date "2015.12.27"]
[Round "1.1"]
[White "Kluehs, Gustaf"]
[Black "Duduka, Artem"]
[Result "1-0"]
[WhiteElo "1129"]
[BlackElo "1113"]
[PlyCount "85"]
[EventDate "2015.12.27"]
[EventType "team-swiss"]
[EventRounds "7"]
[EventCountry "GER"]
[SourceTitle "EXT 2017"]
[Source "ChessBase"]
[SourceDate "2016.10.25"]
[SourceVersion "1"]
[SourceVersionDate "2016.10.25"]
[SourceQuality "1"]
[WhiteTeam "Berlin Nord Ost II"]
[BlackTeam "Berlin Nord Ost"]
[WhiteTeamCountry "GER"]
[BlackTeamCountry "GER"]

1. d4 d5 2. Nf3 Nf6 3. e3 Bg4 4. Bd3 Nc6 5. c3 e6 6. Nbd2 Bd6 7. 0-0 0-0 8. e4 dxe4 9. Nxe4 Nxe4 10. Bxe4 h6 11. h3 Bh5 12. Bxc6 bxc6 13. Qd3 Qf6 14. Ne1 c5 15. dxc5 Bxc5 16. Be3 Bd6 17. Nc2 Qe5 18. f4 Qd5 19. Qxd5 exd5 20. Bd4 c5 21. Be3 Rfe8 22. g4 Bg6 23. f5 Bh7 24. Bf4 Bxf4 25. Rxf4 Re2 26. Rf2 Rae8 27. Rd1 R2e5 28. Rfd2 Rd8 29. b4 c4 30. Nd4 Re3 31. Nc6 Rd6 32. Rxd5 Rxd5 33. Rxd5 Re8 34. Nxa7 Kh8 35. Rc5 Ra8 36. Rc8+ Rxc8 37. Nxc8 Bg8 38. b5 f6 39. b6 Bd5 40. a4 Kg8 41. a5 Kf7 42. a6 Ke8 43. b7 1-0